000 00321nam a22001337a 4500
008 180919b xxu||||| |||| 00| 0 eng d
020 _a9781617932519
041 _aeng
080 _a316
100 _a50
101 _aSOC
245 _aCritical Thinking An Introduction to Reasoning Well
_cWatson,J.C
942 _2udc
_cBK
999 _c47984
_d47984